ნორმალური ფორმატი
MARC ფორმატი
ჩანაწერი Personal Name
ჩანაწერთა რაოდენობა, რომელიც გამოყენებულია: 2
001 - CONTROL NUMBER
- control field: 24005
003 - CONTROL NUMBER IDENTIFIER
- control field: GE_BSU
005 - DATE AND TIME OF LATEST TRANSACTION
- control field: 20241218161101.0
008 - FIXED-LENGTH DATA ELEMENTS
- fixed length control field: 241218|| aca||aabn | a|a d
040 ## - CATALOGING SOURCE
- Original cataloging agency: GE_BSU
- Transcribing agency: GE_BSU
100 ## - HEADING--PERSONAL NAME
- Personal name: საყვარელიძე, სვ.
- Relator term: მთარგმნელი, წინასიტყვაობის ავტორი.
670 ## - SOURCE DATA FOUND
- Source citation: Work cat.: (GE_BSU): სიმონოვჩი, ლ. 24003, ჰისტოლოგიისა და მიკროსკოპული ანატომიის სახელმძღვანელო განსაკუთრებით ადამიანის სხეულის გათვალისწინებით :
